书目信息 |
| 题名: |
土木工程施工
|
|
| 作者: | 胡长明 主编 | |
| 分册: | ||
| 出版信息: | 北京 科学出版社 2018.11 |
|
| 页数: | 14,463页 | |
| 开本: | 26cm | |
| 丛书名: | ||
| 单 册: | ||
| 中图分类: | TU74 | |
| 科图分类: | ||
| 主题词: | 土木工程--工程施工--高等学校--教材 | |
| 电子资源: | ||
| ISBN: | 978-7-03-052949-7 | |
| 000 | 00875nam0 2200253 45 | |
| 001 | 012001001667 | |
| 005 | 20211013150236.91 | |
| 010 | @a978-7-03-052949-7@dCNY72.00 | |
| 100 | @a20180227d2017 em y0chiy50 ea | |
| 101 | 0 | @achi |
| 102 | @aCN@b110000 | |
| 105 | @aa z 000yy | |
| 106 | @ar | |
| 200 | 1 | @a土木工程施工@Atu mu gong cheng shi gong@b专著@f胡长明主编 |
| 205 | @a2版 | |
| 210 | @a北京@c科学出版社@d2018.11 | |
| 215 | @a14,463页@c图@d26cm | |
| 300 | @a高等院校土木工程类系列教材 | |
| 330 | @a本书主要介绍了土木工程施工的主要分部分项工程的施工工艺和典型施工方法,包括土方工程、深基础工程及地基处理、钢筋混凝土工程、预应力混凝土工程、砌筑工程、脚手架工程等。 | |
| 606 | 0 | @a土木工程@x工程施工@x高等学校@j教材 |
| 690 | @aTU74@v5 | |
| 701 | 0 | @a胡长明@Ahu chang ming@f(1963~)@4主编 |
| 801 | 0 | @aCN@bBJSDL@c20211011 |
| 905 | @b1336743-6@dTU74@e1970=2@f4 | |
| 土木工程施工/胡长明主编.-2版.-北京:科学出版社,2018.11 |
| 14,463页:图;26cm |
| 高等院校土木工程类系列教材 |
| ISBN 978-7-03-052949-7:CNY72.00 |
| 本书主要介绍了土木工程施工的主要分部分项工程的施工工艺和典型施工方法,包括土方工程、深基础工程及地基处理、钢筋混凝土工程、预应力混凝土工程、砌筑工程、脚手架工程等。 |
| ● |
| 相关链接 |
|
|
|
|
正题名:土木工程施工
索取号:TU74/1970=2
 
预约/预借
| 序号 | 登录号 | 条形码 | 馆藏地/架位号 | 状态 | 备注 |
| 1 | 1336743 | 213367435 | 第二样本阅览室/ [索取号:TU74/1970=2] | 在馆 | |
| 2 | 1336744 | 213367444 | 第三借阅区/ [索取号:TU74/1970=2] | 在馆 | |
| 3 | 1336745 | 213367453 | 第三借阅区/ [索取号:TU74/1970=2] | 在馆 | |
| 4 | 1336746 | 213367462 | 第三借阅区/ [索取号:TU74/1970=2] | 在馆 |